Gaming Quiz

Random Gaming or Pokémon Quiz

Kanto Pokémon Abilities Quiz Stats

 Plays Quiz not verified by Sporcle

Score 0/218 Timer 10:00
0 Plays Today
Pokémon Ability/Abilities % Correct
SeelThick Fat/Hydration/Ice Body
98.2%
DewgongThick Fat/Hydration/Ice Body
98.2%
MunchlaxPickup/Thick Fat/Gluttony
98.2%
SnorlaxImmunity/Thick Fat/Gluttony
98.2%
Alolan RattataGluttony/Hustle/Thick Fat
98.2%
Alolan RaticateGluttony/Hustle/Thick Fat
98.2%
BulbasaurOvergrow/Chlorophyll
96.5%
IvysaurOvergrow/Chlorophyll
96.5%
VenusaurOvergrow/Chlorophyll
96.5%
CharmanderBlaze/Solar Power
96.5%
CharmeleonBlaze/Solar Power
96.5%
CharizardBlaze/Solar Power
96.5%
RattataRun Away/Guts/Hustle
96.5%
RaticateRun Away/Guts/Hustle
96.5%
AbraSynchronize/Inner Focus/Magic Guard
96.5%
KadabraSynchronize/Inner Focus/Magic Guard
96.5%
AlakazamSynchronize/Inner Focus/Magic Guard
96.5%
MachopGuts/No Guard/Steadfast
96.5%
MachokeGuts/No Guard/Steadfast
96.5%
MachampGuts/No Guard/Steadfast
96.5%
PonytaRun Away/Flash Fire/Flame Body
96.5%
RapidashRun Away/Flash Fire/Flame Body
96.5%
HitmonchanKeen Eye/Iron Fist/Inner Focus
96.5%
HitmontopIntimidate/Technician/Steadfast
96.5%
GyaradosIntimidate/Moxie
96.5%
FlareonFlash Fire/Guts
96.5%
UmbreonSynchronize/Inner Focus
96.5%
Mega VenusaurThick Fat
96.5%
Alolan GrimerPoison Touch/Gluttony/Power of Alchemy
96.5%
Alolan MukPoison Touch/Gluttony/Power of Alchemy
96.5%
SquirtleTorrent/Rain Dish
94.7%
WartortleTorrent/Rain Dish
94.7%
BlastoiseTorrent/Rain Dish
94.7%
EkansIntimidate/Shed Skin/Unnerve
94.7%
ArbokIntimidate/Shed Skin/Unnerve
94.7%
PichuStatic/Lightning Rod
94.7%
PikachuStatic/Lightning Rod
94.7%
RaichuStatic/Lightning Rod
94.7%
Nidoran ♀Poison Point/Rivalry/Hustle
94.7%
NidorinaPoison Point/Rivalry/Hustle
94.7%
NidoqueenPoison Point/Rivalry/Sheer Force
94.7%
Nidoran ♂Poison Point/Rivalry/Hustle
94.7%
NidorinoPoison Point/Rivalry/Hustle
94.7%
NidokingPoison Point/Rivalry/Sheer Force
94.7%
ZubatInner Focus/Infiltrator
94.7%
GolbatInner Focus/Infiltrator
94.7%
CrobatInner Focus/Infiltrator
94.7%
ParasEffect Spore/Dry Skin/Damp
94.7%
ParasectEffect Spore/Dry Skin/Damp
94.7%
MeowthPickup/Technician/Unnerve
94.7%
PersianLimber/Technician/Unnerve
94.7%
PsyduckDamp/Cloud Nine/Swift Swim
94.7%
GolduckDamp/Cloud Nine/Swift Swim
94.7%
GrowlitheIntimidate/Flash Fire/Justified
94.7%
ArcanineIntimidate/Flash Fire/Justified
94.7%
PoliwagWater Absorb/Damp/Swift Swim
94.7%
PoliwhirlWater Absorb/Damp/Swift Swim
94.7%
PoliwrathWater Absorb/Damp/Swift Swim
94.7%
PolitoedWater Absorb/Damp/Drizzle
94.7%
BellsproutChlorophyll/Gluttony
94.7%
WeepinbellChlorophyll/Gluttony
94.7%
VictreebelChlorophyll/Gluttony
94.7%
GeodudeRock Head/Sturdy/Sand Veil
94.7%
GravelerRock Head/Sturdy/Sand Veil
94.7%
GolemRock Head/Sturdy/Sand Veil
94.7%
SlowpokeOblivious/Own Tempo/Regenerator
94.7%
SlowbroOblivious/Own Tempo/Regenerator
94.7%
SlowkingOblivious/Own Tempo/Regenerator
94.7%
MagnemiteMagnet Pull/Sturdy/Analytic
94.7%
MagnetonMagnet Pull/Sturdy/Analytic
94.7%
MagnezoneMagnet Pull/Sturdy/Analytic
94.7%
Farfetch'dKeen Eye/Inner Focus/Defiant
94.7%
OnixRock Head/Sturdy/Weak Armor
94.7%
Pokémon Ability/Abilities % Correct
SteelixRock Head/Sturdy/Sheer Force
94.7%
DrowzeeInsomnia/Forewarn/Inner Focus
94.7%
HypnoInsomnia/Forewarn/Inner Focus
94.7%
KrabbyHyper Cutter/Shell Armor/Sheer Force
94.7%
KinglerHyper Cutter/Shell Armor/Sheer Force
94.7%
ExeggcuteChlorophyll/Harvest
94.7%
ExeggutorChlorophyll/Harvest
94.7%
CuboneRock Head/Lightning Rod/Battle Armor
94.7%
MarowakRock Head/Lightning Rod/Battle Armor
94.7%
TyrogueGuts/Steadfast/Vital Spirit
94.7%
RhyhornLightning Rod/Rock Head/Reckless
94.7%
RhydonLightning Rod/Rock Head/Reckless
94.7%
TangelaChlorophyll/Leaf Guard/Regenerator
94.7%
TangrowthChlorophyll/Leaf Guard/Regenerator
94.7%
KangaskhanEarly Bird/Scrappy/Inner Focus
94.7%
HorseaSwift Swim/Sniper/Damp
94.7%
SeadraPoison Point/Sniper/Damp
94.7%
KingdraSwift Swim/Sniper/Damp
94.7%
GoldeenSwift Swim/Water Veil/Lightning Rod
94.7%
SeakingSwift Swim/Water Veil/Lightning Rod
94.7%
ScytherSwarm/Technician/Steadfast
94.7%
ScizorSwarm/Technician/Light Metal
94.7%
JynxOblivious/Forewarn/Dry Skin
94.7%
ElekidStatic/Vital Spirit
94.7%
ElectabuzzStatic/Vital Spirit
94.7%
MagbyFlame Body/Vital Spirit
94.7%
MagmarFlame Body/Vital Spirit
94.7%
MagmortarFlame Body/Vital Spirit
94.7%
TaurosIntimidate/Anger Point/Sheer Force
94.7%
MagikarpSwift Swim/Rattled
94.7%
LaprasWater Absorb/Shell Armor/Hydration
94.7%
VaporeonWater Absorb/Hydration
94.7%
OmanyteSwift Swim/Shell Armor/Weak Armor
94.7%
OmastarSwift Swim/Shell Armor/Weak Armor
94.7%
KabutoSwift Swim/Battle Armor/Weak Armor
94.7%
KabutopsSwift Swim/Battle Armor/Weak Armor
94.7%
AerodactylRock Head/Pressure/Unnerve
94.7%
ArticunoPressure/Snow Cloak
94.7%
ZapdosPressure/Static
94.7%
MoltresPressure/Flame Body
94.7%
DragoniteInner Focus/Multiscale
94.7%
Alolan MeowthPickup/Technician/Rattled
94.7%
Alolan GeodudeMagnet Pull/Sturdy/Galvanize
94.7%
Alolan GravelerMagnet Pull/Sturdy/Galvanize
94.7%
Alolan GolemMagnet Pull/Sturdy/Galvanize
94.7%
Alolan MarowakCursed Body/Lightning Rod/Rock Head
94.7%
PidgeyKeen Eye/Tangled Feet/Big Pecks
93%
PidgeottoKeen Eye/Tangled Feet/Big Pecks
93%
PidgeotKeen Eye/Tangled Feet/Big Pecks
93%
SpearowKeen Eye/Sniper
93%
FearowKeen Eye/Sniper
93%
VulpixFlash Fire/Drought
93%
NinetalesFlash Fire/Drought
93%
WigglytuffCute Charm/Competitive/Frisk
93%
OddishChlorophyll/Run Away
93%
GloomChlorophyll/Stench
93%
VileplumeChlorophyll/Effect Spore
93%
BellossomChlorophyll/Healer
93%
VenonatCompound Eyes/Tinted Lens/Run Away
93%
VenomothShield Dust/Tinted Lens/Wonder Skin
93%
MankeyVital Spirit/Anger Point/Defiant
93%
PrimeapeVital Spirit/Anger Point/Defiant
93%
DoduoRun Away/Early Bird/Tangled Feet
93%
DodrioRun Away/Early Bird/Tangled Feet
93%
GrimerStench/Sticky Hold/Poison Touch
93%
MukStench/Sticky Hold/Poison Touch
93%
ShellderShell Armor/Skill Link/Overcoat
93%
CloysterShell Armor/Skill Link/Overcoat
93%
LickitungOwn Tempo/Oblivious/Cloud Nine
93%
LickilickyOwn Tempo/Oblivious/Cloud Nine
93%
StaryuIlluminate/Natural Cure/Analytic
93%
StarmieIlluminate/Natural Cure/Analytic
93%
Mime Jr.Soundproof/Filter/Technician
93%
Pokémon Ability/Abilities % Correct
Mr. MimeSoundproof/Filter/Technician
93%
PinsirHyper Cutter/Mold Breaker/Moxie
93%
EeveeRun Away/Adaptability/Anticipation
93%
EspeonSynchronize/Magic Bounce
93%
LeafeonLeaf Guard/Chlorophyll
93%
PorygonTrace/Download/Analytic
93%
Porygon2Trace/Download/Analytic
93%
Porygon-ZAdaptability/Download/Analytic
93%
MewtwoPressure/Unnerve
93%
Alolan PersianFur Coat/Technician/Rattled
93%
Mega ScizorTechnician
93%
CaterpieShield Dust/Run Away
91.2%
WeedleShield Dust/Run Away
91.2%
CleffaCute Charm/Magic Guard/Friend Guard
91.2%
ClefairyCute Charm/Magic Guard/Friend Guard
91.2%
ClefableCute Charm/Magic Guard/Unaware
91.2%
IgglybuffCute Charm/Competitive/Friend Guard
91.2%
JigglypuffCute Charm/Competitive/Friend Guard
91.2%
DiglettSand Veil/Arena Trap/Sand Force
91.2%
DugtrioSand Veil/Arena Trap/Sand Force
91.2%
VoltorbSoundproof/Static/Aftermath
91.2%
ElectrodeSoundproof/Static/Aftermath
91.2%
RhyperiorLightning Rod/Solid Rock/Reckless
91.2%
ChanseyNatural Cure/Serene Grace/Healer
91.2%
BlisseyNatural Cure/Serene Grace/Healer
91.2%
GlaceonSnow Cloak/Ice Body
91.2%
SylveonCute Charm/Pixilate
91.2%
MewSynchronize
91.2%
Mega SlowbroShell Armor
91.2%
BeedrillSwarm/Sniper
89.5%
HitmonleeLimber/Reckless/Unburden
89.5%
HappinyNatural Cure/Serene Grace/Friend Guard
89.5%
SmoochumOblivious/Forewarn/Hydration
89.5%
ElectivireMotor Drive/Vital Spirit
89.5%
Mega PidgeotNo Guard
89.5%
Alolan SandshrewSnow Cloak/Slush Rush
89.5%
Alolan SandslashSnow Cloak/Slush Rush
89.5%
Alolan VulpixSnow Cloak/Snow Warning
89.5%
Alolan NinetalesSnow Cloak/Snow Warning
89.5%
Alolan DiglettSand Veil/Tangling Hair/Sand Force
89.5%
Alolan DugtrioSand Veil/Tangling Hair/Sand Force
89.5%
SandshrewSand Veil/Sand Rush
87.7%
SandslashSand Veil/Sand Rush
87.7%
DittoLimber/Imposter
87.7%
TentacoolClear Body/Liquid Ooze/Rain Dish
86%
TentacruelClear Body/Liquid Ooze/Rain Dish
86%
GastlyLevitate
86%
HaunterLevitate
86%
KoffingLevitate
86%
WeezingLevitate
86%
Mega Charizard YDrought
86%
Mega KangaskhanParental Bond
86%
ButterfreeCompound Eyes/Tinted Lens
84.2%
Alolan ExeggutorFrisk/Harvest
84.2%
MetapodShed Skin
82.5%
KakunaShed Skin
82.5%
GengarCursed Body
82.5%
JolteonVolt Absorb/Quick Feet
82.5%
DratiniShed Skin/Marvel Scale
82.5%
DragonairShed Skin/Marvel Scale
82.5%
Mega Mewtwo XSteadfast
82.5%
Mega Charizard XTough Claws
80.7%
Mega GengarShadow Tag
80.7%
Mega AerodactylTough Claws
80.7%
Mega GyaradosMold Breaker
78.9%
Mega BeedrillAdaptability
77.2%
Mega BlastoiseMega Launcher
75.4%
Mega AlakazamTrace
75.4%
Mega Mewtwo YInsomnia
73.7%
Alolan RaichuSurge Surfer
64.9%
Mega SteelixSand Force
64.9%
Mega PinsirAerilate
63.2%

You're not logged in!

Compare scores with friends on all Sporcle quizzes.
OR
Log In

Sporcle TV

Today on Sporcle TV


Watch our educational content, quiz creation guides, and fun videos on Sporcle TV.

Show Comments

Extras

Created Aug 4, 2016ReportNominate
Tags:Pokémon Quiz, Ability, kanto, region

Top Quizzes Today


Score Distribution

Your Account Isn't Verified!

In order to create a playlist on Sporcle, you need to verify the email address you used during registration. Go to your Sporcle Settings to finish the process.

Report this User

Report this user for behavior that violates our Community Guidelines.

Details: